MLB playoff teams - Statistics

General Stats
  • This quiz has been taken 13 times
  • The average score is 11 of 12
Answer Stats
Hint Answer % Correct
Al#1 Blue jays
100%
Nl#3 Dodgers
100%
Nl#6 Reds
100%
Al#4 Yankees
100%
Al#2 Mariners
92%
Al#5 Red Sox
92%
Al#6 Tigers
92%
Nl#1 Brewers
83%
Nl#4 Cubs
83%
Al#3 Guardians
83%
Nl#5 Padres
83%
Nl#2 Phillies
83%
No matching quizzes found
Score Distribution
Percent of People with Each Score
Percentile by Number Answered
Your Score History
You have not taken this quiz